[Event "Barcelona"]
[Site "?"]
[Date "1992.??.??"]
[Round "?"]
[White "Tal, M."]
[Black "Sokolov, I."]
[Result "1/2-1/2"]
[WhiteElo "2520"]
[BlackElo "2630"]
[PlyCount "25"]
[EventDate "1992.??.??"]
[Source "ChessBase"]
[SourceDate "1992.02.01"]

1. e4 e5 2. Nf3 Nc6 3. Nc3 Nf6 4. Bb5 Bb4 5. O-O O-O 6. Bxc6 dxc6 7. Nxe5 Re8 8. Nd3 Bxc3 9. dxc3 Nxe4 10. Bf4 Bf5 11. Re1 Qd7 12. f3 Nf6 13. Qd2 1/2-1/2

[Event "Israel 72/306"]
[Site "?"]
[Date "1998.??.??"]
[Round "?"]
[White "Soffer, Ram"]
[Black "Alterman, Boris"]
[Result "1/2-1/2"]
[WhiteElo "2525"]
[BlackElo "2615"]
[PlyCount "120"]
[EventDate "1998.??.??"]
[Source "ChessBase"]
[SourceDate "1998.02.01"]

1. e4 e5 2. Nf3 Nc6 3. Nc3 Nf6 4. Bb5 Bb4 5. O-O O-O 6. Bxc6 dxc6 7. d3 Bg4 8. h3 Bh5 9. Qe2 Nd7 10. g4 Bg6 11. Nd1 Bd6 12. Ne3 Nc5 13. Nc4 f6 14. Nh4 Bf7 15. Ne3 Ne6 16. Nef5 c5 17. Ng2 c6 18. f4 Bc7 19. Kh1 Qd7 20. Be3 Rad8 21. b3 a5 22. a4 Kh8 23. Qf2 b6 24. Rae1 Bg8 25. h4 Nd4 26. h5 g6 27. hxg6 hxg6 28. Qh4+ Qh7 29. Qxh7+ Kxh7 30. Nxd4 cxd4 31. Bd2 Kg7 32. Kg1 Be6 33. f5 gxf5 34. gxf5 Bf7 35. Kf2 Rh8 36. Rh1 Rdg8 37. Rxh8 Rxh8 38. Kg3 Kf8 39. Ra1 Ke8 40. Nh4 Kd7 41. Nf3 Bd6 42. Kf2 Bf8 43. Rg1 Kc7 44. Ra1 Kb7 45. Rg1 Ka6 46. Ra1 Rh3 47. Kg2 Rh5 48. Nh2 Rh7 49. Ng4 Rg7 50. Kh3 Be7 51. Kh4 Kb7 52. Re1 Kc7 53. Ra1 Rg8 54. Re1 Be8 55. Rg1 Kd6 56. Rb1 Bd8 57. Ra1 c5 58. Re1 Ke7 59. Rf1 Bc7 60. Re1 Bd6 1/2-1/2

[Event "TCh-BEL 2007-8"]
[Site "Belgium BEL"]
[Date "2008.01.20"]
[Round "7"]
[White "Popovic, Pe"]
[Black "Fedorchuk, S."]
[Result "1/2-1/2"]
[WhiteElo "2480"]
[BlackElo "2652"]
[PlyCount "118"]
[EventDate "2008.01.06"]
[Source "www.chesslib.no"]
[SourceDate "2004.05.04"]

1. e4 e5 2. Nf3 Nc6 3. Nc3 Nf6 4. Bb5 Bb4 5. O-O O-O 6. Bxc6 dxc6 7. d3 Re8 8. Ne2 Bg4 9. Ng3 Nh5 10. h3 Nxg3 11. fxg3 Bd7 12. g4 b5 13. Bg5 Qb8 14. Be3 a5 15. Qe2 Bd6 16. Qf2 Qd8 17. Nd2 Qe7 18. Nb3 a4 19. Nc5 Be6 20. b3 h6 21. Rfb1 axb3 22. axb3 f6 23. b4 Bf7 24. Ra5 h5 25. gxh5 Bxh5 26. Rba1 Rab8 27. Ra6 Rb6 28. Ra7 Rbb8 29. R1a6 Bg6 30. Rxc6 Ra8 31. Rca6 Rxa7 32. Rxa7 Rf8 33. g4 Bf7 34. Ra1 Rb8 35. Kg2 Qe8 36. Qe1 Ra8 37. Ra5 Qc6 38. Qa1 Rxa5 39. Qxa5 g6 40. Qa6 Qxa6 41. Nxa6 Ba2 42. Kf2 Bb1 43. Bc5 Bxc2 44. Ke3 Kf7 45. Bxd6 cxd6 46. Nc7 Ba4 47. Nd5 g5 48. Nc3 Ke7 49. Ke2 Kd7 50. Nd5 Ke6 51. Ke3 Kf7 52. Kd2 Bb3 53. Nc3 Ke7 54. Nxb5 d5 55. Nc3 d4 56. Ne2 Ba4 57. Ng3 Bb5 58. Kc2 Ba4+ 59. Kd2 Bb5 1/2-1/2

[Event "otb"]
[Site "otb"]
[Date "2007.02.10"]
[Round "8"]
[White "Mirzoev Azer"]
[Black "Galego Luis"]
[Result "1/2-1/2"]
[WhiteElo "2526"]
[BlackElo "2537"]
[PlyCount "21"]
[Source "www.chesslib.no"]
[SourceDate "2004.05.04"]

1. e4 e5 2. Nf3 Nc6 3. Nc3 Nf6 4. Bb5 Bb4 5. O-O O-O 6. Bxc6 dxc6 7. Nxe5 Re8 8. Nd3 Bxc3 9. dxc3 Nxe4 10. Bf4 Bf5 11. Re1 1/2-1/2

[Event "CRO-chT"]
[Site "Medulin"]
[Date "1997.??.??"]
[Round "?"]
[White "Rogic, Davor"]
[Black "Pinter, Jozsef"]
[Result "1/2-1/2"]
[WhiteElo "2455"]
[BlackElo "2575"]
[PlyCount "27"]
[EventDate "1997.??.??"]
[Source "www.chesslib.no"]
[SourceDate "2004.05.04"]

1. e4 e5 2. Nf3 Nc6 3. Nc3 Nf6 4. Bb5 Bb4 5. O-O O-O 6. Bxc6 bxc6 7. Nxe5 Qe8 8. Nd3 Bxc3 9. dxc3 Qxe4 10. Re1 Qh4 11. Qf3 Ba6 12. Bf4 Bxd3 13. cxd3 Rac8 14. Be5 1/2-1/2

[Event "Bad Wiessee"]
[Site "?"]
[Date "2002.10.31"]
[Round "6"]
[White "Welling Gerard"]
[Black "Shabalov Alexander"]
[Result "0-1"]
[WhiteElo "2393"]
[BlackElo "2621"]
[PlyCount "92"]
[EventDate "2002.??.??"]
[Source "www.chesslib.no"]
[SourceDate "2004.05.04"]

1. e4 e5 2. Nf3 Nc6 3. Nc3 Nf6 4. Bb5 Bb4 5. O-O O-O 6. Bxc6 dxc6 7. Nxe5 Re8 8. Nd3 Bxc3 9. dxc3 Nxe4 10. Re1 Bf5 11. Bf4 Qd7 12. f3 Nf6 13. Qd2 h6 14. Qf2 Bxd3 15. cxd3 Qxd3 16. Bxc7 Nd5 17. Be5 f6 18. Bd4 b6 19. Rad1 Qf5 20. Be3 Re6 21. Bd2 Rae8 22. Rxe6 Rxe6 23. Re1 Kf7 24. Rxe6 Qxe6 25. Qe1 Qd6 26. Qe4 Qc5+ 27. Kf1 Ne7 28. b3 Qd6 29. Bf4 Qd1+ 30. Kf2 Nd5 31. c4 Nc3 32. Qe1 Qd4+ 33. Kf1 Nxa2 34. Qd2 Qxd2 35. Bxd2 c5 36. Ke2 Ke6 37. g4 Nb4 38. Ke3 Nc2+ 39. Ke4 Nd4 40. b4 Nb3 41. Bc3 a5 42. bxa5 bxa5 43. f4 a4 44. f5+ Kd6 45. Bb2 Nd2+ 46. Kd3 Nf3 0-1

[Event "1st Israel Int Op"]
[Site "Ashdod"]
[Date "2003.10.15"]
[Round "6"]
[White "Chekhov, Valery A"]
[Black "Mikhalevski, Victor"]
[Result "1/2-1/2"]
[WhiteElo "2464"]
[BlackElo "2548"]
[PlyCount "83"]
[EventDate "2003.10.04"]
[Source "Roberto Alvarez"]
[SourceDate "2003.10.20"]

1. e4 e5 2. Nf3 Nc6 3. Nc3 Nf6 4. Bb5 Bb4 5. O-O O-O 6. Bxc6 dxc6 7. d3 Nd7 8. Ne2 Re8 9. Be3 Nf8 10. a3 Bd6 11. Nd2 Ng6 12. Nc4 Bf8 13. f4 f5 14. exf5 Bxf5 15. Nxe5 Nxe5 16. fxe5 Rxe5 17. Bf4 Re8 18. Qd2 Qd7 19. Rae1 Bg6 20. Nc3 Bc5+ 21. Kh1 Bd4 22. h3 c5 23. Rxe8+ Rxe8 24. Re1 Rxe1+ 25. Qxe1 c4 26. dxc4 Bxc2 27. Qd2 Bf5 28. Nd5 Be4 29. Kh2 c5 30. Qe2 Qe6 31. Nc3 Bf5 32. Qf3 h6 33. b3 Kh7 34. Nb5 Be4 35. Qg3 Bg6 36. Nxd4 cxd4 37. Be5 Qd7 38. Qf4 d3 39. Bc3 Bf5 40. Kg1 Qe6 41. Qd4 Qg6 42. Kh2 1/2-1/2

[Event "ROM-ch"]
[Site "Bucharest"]
[Date "1998.12.19"]
[Round "11"]
[White "Itkis, Boris"]
[Black "Marin, Mihail"]
[Result "1-0"]
[WhiteElo "2465"]
[BlackElo "2530"]
[PlyCount "101"]
[EventDate "1998.12.08"]
[Source "ChessBase"]
[SourceDate "1999.04.01"]

1. e4 e5 2. Nf3 Nc6 3. Nc3 Nf6 4. Bb5 Bb4 5. O-O O-O 6. Bxc6 dxc6 7. d3 Bd6 8. Ne2 c5 9. Ng3 Qe7 10. h3 Be6 11. Qe2 Ne8 12. b3 g6 13. Nh2 Ng7 14. Bb2 Bd7 15. Rae1 Ne6 16. Qd2 Nd4 17. c3 Nc6 18. Nf3 Rad8 19. d4 cxd4 20. cxd4 Bb4 21. Qh6 Nxd4 22. Nxd4 exd4 23. Bxd4 f6 24. e5 f5 25. Rc1 Be6 26. Be3 Rd5 27. Bg5 Qd7 28. Ne2 Rxe5 29. Nf4 Bd6 30. Rfe1 Rf7 31. Rcd1 Re4 32. f3 Rxe1+ 33. Rxe1 Bf8 34. Qh4 Bd5 35. Nxd5 Qxd5 36. Re8 Qc6 37. Rb8 Qc5+ 38. Kh2 c6 39. f4 Qd6 40. Rd8 Rd7 41. Ra8 a5 42. Bh6 Rf7 43. Qd8 Qb4 44. Qe8 g5 45. Bxg5 Qd6 46. Qe5 Qg6 47. Be7 Qh6 48. Bc5 b5 49. a4 bxa4 50. bxa4 Qg6 51. Bd4 1-0

[Event "Guingamp"]
[Site "?"]
[Date "2003.03.04"]
[Round "5"]
[White "Istratescu Andrei"]
[Black "Dobrev Nanko"]
[Result "1/2-1/2"]
[WhiteElo "2593"]
[BlackElo "2374"]
[PlyCount "36"]
[EventDate "2003.??.??"]
[Source "www.chesslib.no"]
[SourceDate "2004.05.04"]

1. e4 e5 2. Nf3 Nc6 3. Nc3 Nf6 4. Bb5 Bb4 5. O-O O-O 6. Bxc6 dxc6 7. Nxe5 Re8 8. Nd3 Bxc3 9. dxc3 Nxe4 10. Bf4 Bf5 11. Re1 Nd6 12. Rxe8+ Qxe8 13. Qf3 Be4 14. Qg3 Bxd3 15. Qxd3 Qe6 16. a4 Re8 17. h3 Qe4 18. Bxd6 Qxd3 1/2-1/2

[Event "Caciulata"]
[Site "Calimanesti"]
[Date "1992.??.??"]
[Round "?"]
[White "Istratescu, Andrei"]
[Black "Marin, Mihail"]
[Result "1/2-1/2"]
[WhiteElo "2430"]
[BlackElo "2525"]
[PlyCount "20"]
[EventDate "1992.??.??"]
[Source "www.chesslib.no"]
[SourceDate "2004.05.04"]

1. e4 e5 2. Nf3 Nc6 3. Nc3 Nf6 4. Bb5 Bb4 5. O-O O-O 6. Bxc6 dxc6 7. Nxe5 Bxc3 8. dxc3 Nxe4 9. Qf3 Nd6 10. Bf4 Qf6 1/2-1/2

[Event "JUG-chT"]
[Site "Tivat"]
[Date "1995.??.??"]
[Round "1"]
[White "Certic, Branimir"]
[Black "Mozetic, Dejan"]
[Result "1/2-1/2"]
[WhiteElo "2450"]
[BlackElo "2505"]
[PlyCount "63"]
[EventDate "1995.??.??"]
[Source "ChessBase"]

1. e4 e5 2. Nf3 Nc6 3. Nc3 Nf6 4. Bb5 Bb4 5. O-O O-O 6. Bxc6 dxc6 7. Qe1 Bd6 8. d3 Nd7 9. Nd2 Nc5 10. Nc4 Ne6 11. Ne2 f6 12. f4 exf4 13. Nxd6 Qxd6 14. Nxf4 Qd4+ 15. Qf2 Nxf4 16. Bxf4 Qxb2 17. Bxc7 Rf7 18. Bd6 Be6 19. a4 Qc3 20. a5 Rd8 21. Bc5 f5 22. Bxa7 fxe4 23. Qh4 Rxf1+ 24. Rxf1 Qxa5 25. Qf2 Qd5 26. Bc5 h6 27. dxe4 Qxe4 28. Re1 Qg6 29. c3 Rd5 30. Bd4 Rg5 31. Re5 Rg4 32. h3 1/2-1/2

[Event "Skopje ol (Men)"]
[Site "Skopje MKD"]
[Date "1972.??.??"]
[Round "7"]
[White "Kaplan, Julio P"]
[Black "Ree, Hans"]
[Result "1/2-1/2"]
[WhiteElo "2470"]
[BlackElo "2480"]
[PlyCount "22"]
[EventDate "1972.09.??"]
[Source "www.chesslib.no"]
[SourceDate "2004.05.04"]

1. e4 e5 2. Nf3 Nc6 3. Nc3 Nf6 4. Bb5 Bb4 5. O-O O-O 6. Bxc6 dxc6 7. Nxe5 Re8 8. Nd3 Bxc3 9. dxc3 Nxe4 10. Bf4 Nd6 11. Re1 Rxe1+ 1/2-1/2

[Event "CRO Team Ch"]
[Site "Tucepi"]
[Date "1996.??.??"]
[Round "?"]
[White "Golubovic, Boris"]
[Black "Pinter, Jozsef"]
[Result "1/2-1/2"]
[WhiteElo "2385"]
[BlackElo "2560"]
[PlyCount "86"]
[EventDate "1996.??.??"]
[Source "www.chesslib.no"]
[SourceDate "2004.05.04"]

1. e4 e5 2. Nf3 Nc6 3. Nc3 Nf6 4. Bb5 Bb4 5. O-O O-O 6. Bxc6 dxc6 7. Nxe5 Re8 8. Nd3 Bxc3 9. dxc3 Nxe4 10. Bf4 Bf5 11. Re1 Qc8 12. Re3 Nd6 13. Rxe8+ Qxe8 14. Qe1 Qf8 15. f3 b6 16. Qf2 c5 17. Re1 f6 18. h4 Re8 19. b3 Rxe1+ 20. Qxe1 Kf7 21. g4 Bd7 22. h5 Bc6 23. Kf2 h6 24. c4 Qd8 25. Qe3 Ne8 26. Bg3 Qe7 27. Nf4 Bd7 28. Qd3 Bc6 29. Nd5 Qd7 30. Nxc7 Qxd3 31. cxd3 Nxc7 32. Bxc7 Ke6 33. a4 Kd7 34. Bb8 Kc8 35. Bd6 Be8 36. Kg3 g6 37. Kh4 gxh5 38. gxh5 Bc6 39. f4 Kd7 40. Bf8 Bf3 41. Bxh6 Ke6 42. a5 Be2 43. axb6 axb6 1/2-1/2

[Event "Cappelle"]
[Site "Cappelle la Grande"]
[Date "1994.??.??"]
[Round "2"]
[White "Lane, Gary W"]
[Black "Flear, Glenn C"]
[Result "1/2-1/2"]
[WhiteElo "2440"]
[BlackElo "2505"]
[PlyCount "25"]
[EventDate "1994.07.??"]
[Source "ChessBase"]

1. e4 e5 2. Nf3 Nc6 3. Nc3 Nf6 4. Bb5 Bb4 5. O-O O-O 6. Bxc6 dxc6 7. Nxe5 Re8 8. Nd3 Bxc3 9. dxc3 Nxe4 10. Bf4 Bf5 11. Re1 Nd6 12. Rxe8+ Nxe8 13. Qe2 1/2-1/2

[Event "FRG-ch int"]
[Site "Mannheim"]
[Date "1975.??.??"]
[Round "15"]
[White "Kestler, Hans Guenther"]
[Black "Pachman, Ludek"]
[Result "1/2-1/2"]
[WhiteElo "2430"]
[BlackElo "2510"]
[PlyCount "25"]
[EventDate "1975.??.??"]
[Source "ChessBase"]

1. e4 e5 2. Nf3 Nc6 3. Nc3 Nf6 4. Bb5 Bb4 5. O-O O-O 6. Bxc6 dxc6 7. Nxe5 Re8 8. Nd3 Bxc3 9. dxc3 Nxe4 10. Qf3 Nd6 11. Be3 Bf5 12. Rad1 Qh4 13. Qg3 1/2-1/2

[Event "Hlinsko Open"]
[Site "Hlinsko"]
[Date "1993.??.??"]
[Round "?"]
[White "Iuldachev, Saidali"]
[Black "Haba, Petr"]
[Result "0-1"]
[WhiteElo "2445"]
[BlackElo "2485"]
[PlyCount "82"]
[EventDate "1993.??.??"]
[Source "www.chesslib.no"]
[SourceDate "2004.05.04"]

1. e4 e5 2. Nf3 Nc6 3. Nc3 Nf6 4. Bb5 Bb4 5. O-O O-O 6. Bxc6 dxc6 7. d3 Bxc3 8. bxc3 Bg4 9. h3 Bxf3 10. Qxf3 Qd6 11. g4 Nd7 12. Qg3 f6 13. Kg2 g5 14. h4 h6 15. Rh1 Kg7 16. Rh3 Rh8 17. Qh2 Rag8 18. Be3 Nf8 19. d4 Ng6 20. h5 Nf4+ 21. Bxf4 gxf4 22. Rd3 Qe6 23. f3 Rd8 24. Kh1 Rd6 25. a3 Rhd8 26. Rad1 Kf7 27. Qd2 Qa2 28. Qc1 c5 29. dxc5 Rxd3 30. Rxd3 Rxd3 31. cxd3 Qe2 32. Qg1 Qxf3+ 33. Qg2 Qxd3 34. Qa2+ Ke7 35. Qg8 Qxe4+ 36. Kh2 Qe2+ 37. Kh1 f3 38. Qg7+ Ke6 39. Qg8+ Kd7 40. Qf7+ Kc6 41. Qxf6+ Kb5 0-1

[Event "It Resort and Casino"]
[Site "Decameron"]
[Date "2003.12.09"]
[Round "7"]
[White "Lugo, Blas"]
[Black "Campora, Daniel Hugo"]
[Result "0-1"]
[WhiteElo "2418"]
[BlackElo "2503"]
[PlyCount "86"]
[EventDate "2003.12.06"]
[Source "Roberto Alvarez"]
[SourceDate "2003.12.15"]

1. e4 e5 2. Nf3 Nc6 3. Nc3 Nf6 4. Bb5 Bb4 5. O-O O-O 6. Bxc6 bxc6 7. Nxe5 Re8 8. d4 Bxc3 9. bxc3 Nxe4 10. Qf3 Nd6 11. Ba3 Ba6 12. Rfe1 f6 13. Bxd6 cxd6 14. Ng4 Rxe1+ 15. Rxe1 Bc4 16. Qg3 Qf8 17. Nh6+ Kh8 18. Nf5 Bxa2 19. Nxd6 Rb8 20. c4 Rb1 21. Qe3 h6 22. c5 Qb8 23. c4 a5 24. f3 a4 25. Kf2 Rxe1 26. Kxe1 Bb1 27. Qa3 Bg6 28. Qxa4 Qb2 29. Qd1 Qxg2 30. Qe2 Qg1+ 31. Qf1 Qxd4 32. Qf2 Qc3+ 33. Kf1 Bd3+ 34. Kg2 Bxc4 35. h4 Bd5 36. Kg3 Qe5+ 37. f4 Qc3+ 38. Kh2 Qd3 39. f5 h5 40. Qb2 Qf1 41. Qd2 Qh1+ 42. Kg3 Qg1+ 43. Kh3 Qg4+ 0-1

[Event "Merida MEX"]
[Site "Merida MEX"]
[Date "1994.??.??"]
[Round "6"]
[White "Lugo, Blas"]
[Black "Garcia, Gildardo"]
[Result "1/2-1/2"]
[WhiteElo "2380"]
[BlackElo "2540"]
[PlyCount "35"]
[EventDate "1994.??.??"]
[Source "www.chesslib.no"]
[SourceDate "2004.05.04"]

1. e4 e5 2. Nf3 Nc6 3. Nc3 Nf6 4. Bb5 Bb4 5. O-O O-O 6. Bxc6 dxc6 7. Nxe5 Re8 8. Nd3 Bxc3 9. dxc3 Nxe4 10. Bf4 Bf5 11. Qf3 Ng5 12. Qh5 Bxd3 13. Bxg5 Re5 14. cxd3 Rxg5 15. Qe2 Qd7 16. Rac1 c5 17. Qe4 c6 18. Qe3 1/2-1/2

[Event "Tula"]
[Site "Tula"]
[Date "2000.??.??"]
[Round "13"]
[White "Slovineanu, Viacheslav"]
[Black "Lunev, Andrey"]
[Result "0-1"]
[WhiteElo "2425"]
[BlackElo "2491"]
[PlyCount "72"]
[EventDate "2000.??.??"]
[Source "www.chesslib.no"]
[SourceDate "2004.05.04"]

1. e4 e5 2. Nf3 Nc6 3. Nc3 Nf6 4. Bb5 Bb4 5. O-O O-O 6. Bxc6 dxc6 7. d3 Nd7 8. Ne2 Re8 9. h3 Nf8 10. Be3 Bd6 11. Qd2 c5 12. Nh2 Ng6 13. Kh1 f6 14. g4 Be6 15. f3 a5 16. Rf2 a4 17. Nf1 Nf4 18. Nxf4 exf4 19. Bxf4 Bxf4 20. Qxf4 Qd4 21. Rg2 Qxb2 22. Rd1 Re7 23. Ng3 Rf8 24. c4 Qe5 25. Qc1 Rd8 26. f4 Qd6 27. Ne2 Red7 28. f5 Bf7 29. Nf4 Qe5 30. Re1 b5 31. cxb5 c4 32. dxc4 Rd4 33. Qe3 Bxc4 34. g5 fxg5 35. Rxg5 Bxa2 36. f6 Qxg5 0-1

[Event "Eurodata"]
[Site "Budapest HUN"]
[Date "1992.??.??"]
[Round "9"]
[White "Godena, Michele"]
[Black "Lukacs, Peter"]
[Result "1/2-1/2"]
[WhiteElo "2425"]
[BlackElo "2490"]
[PlyCount "33"]
[EventDate "1992.10.??"]
[Source "www.chesslib.no"]
[SourceDate "2004.05.04"]

1. e4 e5 2. Nf3 Nc6 3. Nc3 Nf6 4. Bb5 Bb4 5. O-O O-O 6. Bxc6 dxc6 7. d3 Nd7 8. Ne2 Re8 9. Nd2 Bf8 10. Nc4 g6 11. Bd2 Bg7 12. Bc3 c5 13. a4 Nb8 14. f4 Nc6 15. Nxe5 Nxe5 16. fxe5 Bg4 17. h3 1/2-1/2

[Event "Andorra op"]
[Site "Andorra"]
[Date "2001.07.05"]
[Round "6"]
[White "Campora, Daniel Hugo"]
[Black "Jonkman, Harmen"]
[Result "1/2-1/2"]
[WhiteElo "2503"]
[BlackElo "2410"]
[PlyCount "31"]
[EventDate "2001.06.30"]
[Source "ChessBase"]
[SourceDate "2001.09.11"]

1. e4 e5 2. Nf3 Nc6 3. Nc3 Nf6 4. Bb5 Bb4 5. O-O O-O 6. Bxc6 dxc6 7. d3 Nd7 8. Ne2 Re8 9. Ng3 Nf8 10. h3 Bd6 11. Bg5 f6 12. Be3 c5 13. Nf5 g6 14. Nxd6 cxd6 15. Nd2 g5 16. f3 1/2-1/2

[Event "Capablanca mem-B"]
[Site "Matanzas"]
[Date "1992.??.??"]
[Round "8"]
[White "Lugo, Blas"]
[Black "Garcia, Gildardo"]
[Result "0-1"]
[WhiteElo "2415"]
[BlackElo "2485"]
[PlyCount "104"]
[EventDate "1992.05.??"]
[Source "ChessBase"]

1. e4 e5 2. Nf3 Nc6 3. Nc3 Nf6 4. Bb5 Bb4 5. O-O O-O 6. Bxc6 dxc6 7. d3 Nd7 8. Ne2 Bd6 9. Ng3 Nc5 10. Be3 Re8 11. Nxe5 Bxe5 12. Bxc5 Bxb2 13. Rb1 Bd4 14. Bxd4 Qxd4 15. Kh1 c5 16. f4 b6 17. f5 f6 18. Rf4 Bd7 19. Qh5 Re7 20. Rh4 h6 21. Qf3 Be8 22. Ne2 Qe5 23. Qg4 Kh7 24. Rf1 Bf7 25. Rf3 Qa1+ 26. Ng1 Qc1 27. Rg3 Rg8 28. h3 Qg5 29. Qxg5 fxg5 30. Rxg5 Bxa2 31. Nf3 Rf8 32. e5 Kg8 33. Rxh6 Rxf5 34. Rg4 Bd5 35. Nh4 Rf1+ 36. Kh2 Rxe5 37. Ng6 gxh6 38. Nxe5+ Kh7 39. c4 Rf5 40. Ng6 Rg5 41. Rxg5 hxg5 42. Ne5 Bb7 43. Ng4 a5 44. Ne3 a4 45. Nc2 Bc8 46. g4 Bd7 47. Kg3 Be8 48. Kf3 Bg6 49. Ke3 Kg7 50. Na3 Kf6 51. Nb5 Ke5 52. Na3 Be8 0-1

[Event "Winterthur"]
[Site "Winterthur"]
[Date "1996.??.??"]
[Round "4"]
[White "Forster, Richard"]
[Black "Hjartarson, Johann"]
[Result "0-1"]
[WhiteElo "2320"]
[BlackElo "2565"]
[PlyCount "70"]
[EventDate "1996.09.??"]
[Source "ChessBase"]

1. e4 e5 2. Nf3 Nc6 3. Nc3 Nf6 4. Bb5 Bb4 5. O-O O-O 6. Bxc6 dxc6 7. d3 Nd7 8. Ne2 Bd6 9. b3 c5 10. Bb2 f6 11. a4 Qe7 12. h3 Re8 13. Nd2 c6 14. Nc4 Bc7 15. Kh1 Nf8 16. f4 exf4 17. Nxf4 Ne6 18. Nh5 Rf8 19. Qe2 Nd4 20. Qf2 Be6 21. Bxd4 cxd4 22. Qxd4 b5 23. axb5 cxb5 24. Na5 Be5 25. Qf2 Bxa1 26. Rxa1 Qc7 27. d4 Qc3 28. Ra2 f5 29. e5 f4 30. Kh2 Rf5 31. Qh4 Bd5 32. Nc6 Bxc6 33. Rxa7 Rxa7 34. e6 Ra8 35. Kh1 Rxh5 0-1

[Event "WchT 3rd"]
[Site "Luzern"]
[Date "1993.??.??"]
[Round "5"]
[White "Franzoni, Giancarlo"]
[Black "Peng Xiaomin"]
[Result "0-1"]
[WhiteElo "2440"]
[BlackElo "2445"]
[PlyCount "100"]
[EventDate "1993.10.??"]
[Source "ChessBase"]

1. e4 e5 2. Nf3 Nc6 3. Nc3 Nf6 4. Bb5 Bb4 5. O-O O-O 6. Bxc6 dxc6 7. d3 Re8 8. Ne2 Nh5 9. Ng3 Nxg3 10. fxg3 Bf8 11. Be3 c5 12. Qe2 f6 13. h3 Be6 14. g4 h6 15. a4 Qd7 16. b3 a6 17. Nd2 b5 18. Ra2 Red8 19. axb5 axb5 20. Rfa1 Rxa2 21. Rxa2 Qc6 22. c4 Qd7 23. Kf2 c6 24. Rc2 Qxd3 25. Qxd3 Rxd3 26. Ke2 bxc4 27. bxc4 Ra3 28. Kf2 Bd6 29. Nb1 Ra4 30. Nd2 Kf7 31. Rb2 Bxc4 32. Rb7+ Kg8 33. Rd7 Bf8 34. Rd8 Kf7 35. Rc8 Bb5 36. Nf3 g5 37. Rc7+ Ke6 38. Rc8 Be7 39. Rh8 Ra2+ 40. Kg1 Be2 41. Rxh6 Bxf3 42. gxf3 c4 43. h4 gxh4 44. g5 c3 45. f4 exf4 46. Bxf4 c2 47. gxf6 Bf8 48. Rh8 Bd6 49. e5 Bxe5 50. Re8+ Kxf6 0-1

[Event "Pardubice Open"]
[Site "Pardubice CZE"]
[Date "1995.??.??"]
[Round "?"]
[White "Lipka, Juraj"]
[Black "Mokry, Karel"]
[Result "1/2-1/2"]
[WhiteElo "2360"]
[BlackElo "2525"]
[PlyCount "37"]
[EventDate "1995.07.??"]
[Source "www.chesslib.no"]
[SourceDate "2004.05.04"]

1. e4 e5 2. Nf3 Nc6 3. Nc3 Nf6 4. Bb5 Bb4 5. O-O O-O 6. Bxc6 dxc6 7. Nxe5 Re8 8. Nd3 Bxc3 9. dxc3 Nxe4 10. Qf3 Nd6 11. Bf4 Qf6 12. Rfe1 Bf5 13. h3 Bg6 14. Qg3 Bxd3 15. cxd3 Re6 16. Be5 Qh6 17. Bf4 Qf6 18. Be5 Qh6 19. Bf4 1/2-1/2

[Event "ROM Ch"]
[Site "Romania"]
[Date "1992.??.??"]
[Round "6"]
[White "Dumitrache, Dragos"]
[Black "Ionescu, Constantin"]
[Result "1/2-1/2"]
[WhiteElo "2400"]
[BlackElo "2480"]
[PlyCount "36"]
[EventDate "1992.??.??"]
[Source "www.chesslib.no"]
[SourceDate "2004.05.04"]

1. e4 e5 2. Nf3 Nc6 3. Nc3 Nf6 4. Bb5 Bb4 5. O-O O-O 6. Bxc6 dxc6 7. d3 Re8 8. Bg5 h6 9. Bh4 g5 10. Bg3 Nh5 11. Nd2 Nf4 12. Nc4 Qf6 13. f3 Be6 14. Ne3 h5 15. Bf2 Rad8 16. Kh1 Qg6 17. Qe1 Kh7 18. a3 Bc5 1/2-1/2

[Event "JUG-chT"]
[Site "Tivat"]
[Date "1995.??.??"]
[Round "8"]
[White "Certic, Branimir"]
[Black "Lazic, Miroljub"]
[Result "1-0"]
[WhiteElo "2450"]
[BlackElo "2420"]
[PlyCount "65"]
[EventDate "1995.??.??"]
[Source "ChessBase"]

1. e4 e5 2. Nf3 Nc6 3. Nc3 Nf6 4. Bb5 Bb4 5. O-O O-O 6. Bxc6 bxc6 7. Nxe5 Bxc3 8. dxc3 Nxe4 9. Qd4 Nd6 10. Bf4 f6 11. Nc4 Ba6 12. Bxd6 cxd6 13. Nxd6 Bxf1 14. Kxf1 Kh8 15. Re1 f5 16. Re5 Qf6 17. f4 Rab8 18. b3 Qh4 19. h3 h6 20. c4 Qf6 21. c5 a5 22. c3 a4 23. b4 a3 24. Kg1 Qg6 25. Kh2 Rf6 26. Nc4 Qf7 27. Re2 Re8 28. Ne5 Qh5 29. Re3 Rfe6 30. c4 Kh7 31. Qxd7 R8e7 32. Qd3 Qh4 33. Qxf5+ 1-0

[Event "Tch (Men) 2005/2006 NED"]
[Site "?"]
[Date "2005.11.05"]
[Round "3"]
[White "Fridman Rafael"]
[Black "Lobzhanidze Davit"]
[Result "1/2-1/2"]
[WhiteElo "2405"]
[BlackElo "2462"]
[PlyCount "38"]
[EventDate "2005.??.??"]
[Source "www.chesslib.no"]
[SourceDate "2004.05.04"]

1. e4 e5 2. Nf3 Nc6 3. Nc3 Nf6 4. Bb5 Bb4 5. O-O O-O 6. Bxc6 dxc6 7. Nxe5 Re8 8. Nd3 Bxc3 9. dxc3 Nxe4 10. Re1 Bf5 11. Bf4 Qd7 12. f3 Nf6 13. Qd2 Rxe1+ 14. Rxe1 Re8 15. Rxe8+ Nxe8 16. Qe2 b6 17. b4 f6 18. h4 h5 19. Bg3 Bg6 1/2-1/2

[Event "UZB Ch"]
[Site "Uzbekistan"]
[Date "1993.??.??"]
[Round "4"]
[White "Iuldachev, Saidali"]
[Black "Vakhidov, Tahir"]
[Result "1-0"]
[WhiteElo "2410"]
[BlackElo "2455"]
[PlyCount "104"]
[EventDate "1993.??.??"]
[Source "www.chesslib.no"]
[SourceDate "2004.05.04"]

1. e4 e5 2. Nf3 Nc6 3. Nc3 Nf6 4. Bb5 Bb4 5. O-O O-O 6. Bxc6 dxc6 7. d3 Re8 8. Ne2 Bg4 9. Ng3 h6 10. h3 Bc8 11. Nh2 Bd6 12. Qf3 Bf8 13. Nf5 Bxf5 14. Qxf5 Re6 15. g3 Qd4 16. Kg2 Rd8 17. Nf3 Qc5 18. Ne1 Qb5 19. h4 a5 20. a4 Qa6 21. h5 Bd6 22. Be3 b6 23. Nf3 Qc8 24. Nh4 Ree8 25. Rh1 Ng4 26. Qf3 Nxe3+ 27. Qxe3 Qg4 28. Nf5 Bc5 29. Qe1 Bb4 30. Qf1 Qg5 31. Rh4 Kh8 32. Qe2 Qd2 33. Qxd2 Bxd2 34. f4 Bb4 35. Rf1 Rd7 36. Rg4 Bf8 37. Nh4 b5 38. Ra1 c5 39. axb5 c4 40. dxc4 Rd2+ 41. Kh3 Rxc2 42. b3 Rc3 43. fxe5 Rxb3 44. Rxa5 Rc3 45. e6 fxe6 46. e5 Bc5 47. Ra6 Bb6 48. Ra1 Kg8 49. Rd1 Be3 50. Rd7 Bg5 51. Rxc7 Rb3 52. Rd4 Kh7 1-0

[Event "Graz"]
[Site "Graz"]
[Date "1984.??.??"]
[Round "?"]
[White "Wittmann, Walter"]
[Black "Unzicker, Wolfgang"]
[Result "1/2-1/2"]
[WhiteElo "2390"]
[BlackElo "2470"]
[PlyCount "40"]
[EventDate "1984.12.??"]
[Source "ChessBase"]

1. e4 e5 2. Nf3 Nc6 3. Nc3 Nf6 4. Bb5 Bb4 5. O-O O-O 6. Bxc6 dxc6 7. d3 Bd6 8. h3 c5 9. Nh2 Be6 10. b3 Nd7 11. Be3 Re8 12. Qd2 Nf8 13. Ne2 Ng6 14. f4 exf4 15. Nxf4 Nxf4 16. Bxf4 Bxf4 17. Qxf4 Qd4+ 18. Kh1 Qc3 19. Rac1 Re7 20. a4 Rf8 1/2-1/2

[Event "Braunschweig"]
[Site "Braunschweig"]
[Date "1996.??.??"]
[Round "?"]
[White "Tseitlin, Michael S"]
[Black "Mikhalevski, Alexander"]
[Result "1-0"]
[WhiteElo "2425"]
[BlackElo "2435"]
[PlyCount "61"]
[EventDate "1996.??.??"]
[Source "www.chesslib.no"]
[SourceDate "2004.05.04"]

1. e4 e5 2. Nf3 Nc6 3. Nc3 Nf6 4. Bb5 Bb4 5. O-O O-O 6. Bxc6 dxc6 7. d3 Qe7 8. Ne2 Bg4 9. Ng3 Nh5 10. h3 Nxg3 11. fxg3 Be6 12. Kh2 f6 13. g4 Bd6 14. Qe2 c5 15. a4 a5 16. b3 Qe8 17. Nh4 g6 18. Be3 Qe7 19. g3 Qd7 20. Rf2 Rf7 21. Raf1 Qd8 22. Rf3 Kg7 23. Qd2 Bf8 24. Qf2 Qe7 25. g5 fxg5 26. Bxg5 Qd7 27. Rxf7+ Qxf7 28. Qxf7+ Bxf7 29. Bf6+ Kg8 30. Bxe5 c6 31. Kg2 1-0